• 首页
  • 本馆介绍
  • 公告通知
  • 最新文献
  • 馆藏检索
  • 电子资源
  • 读者导购
  • 参考咨询
  • 我的图书馆
  • 登录
  • 详细信息显示
  • 放入我的书架
  • 预约/预借图书
  • 作者相关作品
  • 分类相关作品
  • 丛书相关作品
  • 出版社相关作品

书目信息

  • 表格格式
  • 工作单格式
  • 卡片格式
题名:
实用主义
    
 
作者: 詹姆斯, 著 ;王怡然 , 陈鋆 译
分册:  
出版信息: 北京   北京理工大学出版社有限责任公司  2019
页数: 212页
开本: 21cm
丛书名:
单 册:
中图分类: B087 , B712.4
科图分类:
主题词: 实用主义--shi yong zhu yi--研究
电子资源:
ISBN: 978-7-5682-3457-3
000 01410nam0 2200301 450
001 012001009356
005 20140101140439.0
010    @a978-7-5682-3457-3@dCNY38.00
099    @aCAL 012019050032
100    @a20190418d2019 em y0chiy50 ea
101 1  @achi@ceng
102    @aCN@b110000
105    @ay z 000yy
106    @ar
200 1  @a实用主义@Ashi yong zhu yi@e一些旧思想方法的新名称@f(美) 威廉·詹姆斯著@d= Pragmatism@ea new name for some old ways of thinking@fWilliam James@g王怡然, 陈鋆译@zeng
210    @a北京@c北京理工大学出版社有限责任公司@d2019
215    @a212页@d21cm
330    @a本书收集了作者发表的八篇讲稿,不仅包含哲学,还包含心理学,并且详细阐述了美国本土孕育的、影响最大的哲学流派——实用主义。透过本书,读者可以了解实用主义与当代哲学的关系,认识到理性主义者和经验主义者各自的观点,也可以知道实用主义者对于真理的概念所做出的具体解释。更重要的是,可以看到一个时代,一个民族,以及一个民族所体现出的思想意识。
500 10 @aPragmatism: a new name for some old ways of thinking@mChinese
517 1  @a一些旧思想方法的新名称@Ayi xie jiu si xiang fang fa de xin ming cheng
606 0  @a实用主义@Ashi yong zhu yi@x研究
690    @aB087@v5
690    @aB712.4@v5
701  1 @a詹姆斯,@Azhan mu si@g(James, William)@f1842-1910@4著
702  0 @a王怡然@AWang Yiran@4译
702  0 @a陈鋆@AChen Yun@4译
801  0 @aCN@b上海新华@c20191020
905    @b1187879-82@dB087@e111@f4
    
    实用主义:一些旧思想方法的新名称/(美) 威廉·詹姆斯著= Pragmatism:a new name for some old ways of thinking/William James/王怡然, 陈鋆译.-北京:北京理工大学出版社有限责任公司,2019
    212页;21cm
    
    
    ISBN 978-7-5682-3457-3:CNY38.00
    本书收集了作者发表的八篇讲稿,不仅包含哲学,还包含心理学,并且详细阐述了美国本土孕育的、影响最大的哲学流派——实用主义。透过本书,读者可以了解实用主义与当代哲学的关系,认识到理性主义者和经验主义者各自的观点,也可以知道实用主义者对于真理的概念所做出的具体解释。更重要的是,可以看到一个时代,一个民族,以及一个民族所体现出的思想意识。
●
相关链接 在E读中查询图书 在五车中查询图书 在当当中查询图书 在豆瓣中查询图书


正题名:实用主义     索取号:B087/111         预约/预借

序号 登录号 条形码 馆藏地/架位号 状态 备注
1 1187879   211878798   第一样本阅览室/ [索取号:B087/111] 在馆    
2 1187880   211878805   第一借阅区/ [索取号:B087/111] 在馆    
3 1187881   211878814   第一借阅区/ [索取号:B087/111] 在馆    
4 1187882   211878823   第一借阅区/ [索取号:B087/111] 在馆    
唐山师范学院图书馆 欢迎您!
大连网信软件有限公司© 版权所有